Mzdy nad produktivitou Štatistika o vývoji pláce a práce

Bibliographic Details
Format: Article
Language:Slovak
Subjects:

MARC

LEADER 00000nab a2200000 a 4500
001 vtls000513013
003 SK-MaSNL
005 20260303003820.0
008 120927c1994 xo 0 slo
015 |a SNBRB19rr/mm-uuuuu 
035 |a CL0513151 
040 |a SNKBUCL  |b slo  |c SNKBUCL  |e AACR2 
041 0 |a slo 
044 |a xo  |c SK 
080 |a 331.215(437.6):331.024.35(437.6)  |2 1981 
080 |a 331.024.35(437.6)  |2 1981 
245 0 0 |a Mzdy nad produktivitou  |b Štatistika o vývoji pláce a práce 
650 0 7 |a mzdy  |2 snkbucl  |9 2316 
650 0 7 |a produktivita práce  |2 snkbucl  |9 2344 
655 7 |a články z novín a časopisov  |2 snkbucl  |9 267496 
773 0 |t Republika  |g Roč. 2, č. 72 (28. 3. 1994), s. 3 
850 |a Slovenská národná knižnica v Martine  |a MTA001 
852 |a SNK  |b KIS3GCP 
958 |a RK 
992 |a RBX 
999 |c 1574625  |d 1576555